[Event "Budapest FS03 IM"]
[Site "Budapest"]
[Date "1996.??.??"]
[Round "4"]
[White "Shovunov, Baatr"]
[Black "Horvath, Gabor"]
[Result "1-0"]
[WhiteElo "2300"]
[BlackElo "2275"]

1.e4 c5 2.Nf3 Nc6 3.Bb5 Nf6 4.e5 Nd5 5.O-O Nc7 6.Bxc6 dxc6 7.h3 g6 8.d3 Bg7
9.Nc3 O-O 10.Be3 Ne6 11.Ne4 b6 12.Qd2 Ba6 13.Rfe1 Qd5 14.Bh6 Rad8 15.Bxg7 Kxg7
16.b3 h6 17.Ng3 Bc8 18.Re4 b5 19.Qe1 a6 20.Rd1 Rh8 21.Rd2 Bb7 22.Ne2 Qd7
23.Nf4 Bc8 24.Nxe6+ Qxe6 25.Qe3 Qd5 26.c4 Qe6 27.Qxc5 g5 28.Nd4 Qg6 29.Qxe7 c5
30.Qxc5 Bb7 31.Re3 h5 32.e6  1-0

[Event "Budapest FS02 IM"]
[Site "Budapest"]
[Date "1996.??.??"]
[Round "5"]
[White "Hennig, Dirk"]
[Black "Turzo, Attila"]
[Result "1-0"]
[WhiteElo "2355"]
[BlackElo "2360"]

1.e4 c5 2.Nf3 Nc6 3.Bb5 g6 4.Bxc6 dxc6 5.d3 Bg7 6.O-O e5 7.Be3 Qe7 8.Nbd2 Nh6
9.Nc4 f6 10.a4 Nf7 11.a5 Nd8 12.c3 O-O 13.Qb3 Kh8 14.Qa3 Ne6 15.d4 exd4 16.cxd4 Nc7
17.Ncd2 Nb5 18.Qxc5 Qxc5 19.dxc5 f5 20.exf5 Bxf5 21.a6 bxa6 22.Rxa6 Bd3 23.Re1 Bxb2
24.Rxc6 a5 25.Bh6 Rfe8 26.Rxe8+ Rxe8 27.Ra6 Bc3 28.Be3 Kg8 29.h4 Nc7 30.Rd6 Bc2
31.Nd4 Bd1 32.Nb1 Bb2 33.Rd7 Bg4 34.Rxc7 Bxd4 35.Bxd4 Re1+ 36.Kh2 Rxb1 37.Rg7+ Kf8
38.Rxh7 Rc1 39.Ra7 Rc4 40.Be5 a4 41.f3 Be6 42.g4 Bf7 43.Kg3 Be8 44.g5 Rc1
45.f4 Rg1+ 46.Kh2 Rg4 47.Rh7 Bc6 48.Kh3 Rg1 49.Rc7 Be4 50.Ra7 Bf5+ 51.Kh2 Rg4
52.c6 Rxh4+ 53.Kg2 Rg4+ 54.Kf2 Rh4 55.Bd6+ Kg8 56.Ke3 Rh2 57.Bc5 a3 58.Rxa3 Rh3+
59.Kd4 Kf7 60.Ra7+ Ke8 61.Ra8+ Kf7 62.c7  1-0

[Event "Budapest FS11 GM"]
[Site "Budapest"]
[Date "1996.??.??"]
[Round "5"]
[White "Berend, Fred"]
[Black "Fogarasi, Tibor"]
[Result "1/2-1/2"]
[WhiteElo "2425"]
[BlackElo "2505"]

1.e4 c5 2.Nf3 Nc6 3.Bb5 Qb6 4.Nc3 e6 5.O-O a6 6.Bxc6 Qxc6 7.d4 cxd4 8.Qxd4 d6
9.Bg5 Bd7 10.Rad1 f6 11.Be3 Ne7 12.Qd3 Ng6 13.Nd4 Qc8 14.f4 Be7 15.Nf3 O-O
16.a4 b5 17.axb5 axb5 18.f5 exf5 19.Nd5 fxe4 20.Qxe4 Bd8 21.Qb4 Ra6 22.Qb3 Qc4
23.Nb4 Ra4 24.Rd4 Qf7 25.Qxf7+ Rxf7 26.b3 Ra7 27.Rxd6 Be7 28.Rb6 Ra8 29.Nd5 Rc8
30.Ra1 Bf8 31.Ra2 Bc6 32.c4 bxc4 33.bxc4 Rd7 34.Rd2 Kf7 35.Ra6 Bb7 36.Ra4 Bc6
37.Ra6 Bb7 38.Ra7 Rxc4 39.Nb6 Rc1+ 40.Kf2 Rxd2+ 41.Nxd2 Rc7 42.Nd5 Rd7 43.Nb6 Re7
44.Bc5 Rc7 45.Bxf8 Kxf8 46.Ndc4 Ne5 47.Ne3 g6 48.Nbd5 Rf7 49.Nf4 Be4 50.Ne6+ Kg8
51.Ra4 Bc6 52.Ra6 Rd7 53.Ra2 Nd3+ 54.Kg3 Re7 55.Ra3 Rxe6 56.Rxd3 f5 57.Kf2 Kf7
58.g3 Kf6 59.Nd5+ Ke5 60.Nf4 Re7 61.Ra3 Rb7 62.Ke3 g5 63.Nd3+ Kd6 64.h4 Re7+
65.Kf2 gxh4 66.gxh4 Rg7 67.Ra6 Rg4 68.h5 Rh4 69.Kg3 Rg4+ 70.Kf2 Ra4 71.Rxa4 Bxa4
72.h6 Ke7 73.Ke3 Kf6 74.Kf4 Bc2 75.Ne5 Be4 76.Nc4 Kg6 77.Nd6 Bb1 78.Nc8 Kf6
79.Nd6 Bd3 80.Nb7 Bb5 81.Nc5 Kg6 82.Ne6 Bd3 83.Nd4 Be4 84.Nb5 Bc2 85.Nd6 Bb1
86.Nc8 Kf7 87.Ke5 Bc2 88.Nd6+ Kg6 89.Kf4 Kf6 90.Nc4 Be4 91.Nd6 Bd3 92.Nb7 Kg6
93.Nd6  1/2-1/2

[Event "Budapest FS12 IM"]
[Site "Budapest"]
[Date "1996.??.??"]
[Round "6"]
[White "Peredy, Ferenc"]
[Black "Kuklin, Alexander"]
[Result "1-0"]
[WhiteElo "2305"]
[BlackElo "2270"]

1.e4 c5 2.Nf3 Nc6 3.Bb5 a6 4.Bxc6 bxc6 5.O-O d5 6.Re1 e6 7.Nc3 Nf6 8.Ne5 Bb7
9.d3 Be7 10.Bf4 O-O 11.Na4 c4 12.exd5 Nxd5 13.Bg3 cxd3 14.Nxd3 Qa5 15.c4 Nb6
16.Nxb6 Qxb6 17.c5 Qb5 18.a4 Qc4 19.Ne5 Qb4 20.Nd3 Qc4 21.Ne5 Qb4 22.Qd7 Bxc5
23.Nd3 Rad8 24.Qxd8 Rxd8 25.Nxb4 Bxb4 26.Red1 Rd5 27.f3 Kf8 28.Bf2 Ke7 29.Rac1 Kd6
30.Bg3+ Kd7 31.Bf2 a5 32.Rxd5+ exd5 33.Bc5 Ba6 34.Kf2 Bc4 35.Bxb4 axb4 36.Ke3 Kd6
37.a5 c5 38.Ra1 Ba6 39.b3 g5 40.g3 f5 41.f4 g4 42.Re1 Kc6 43.Kd2 c4 44.bxc4 dxc4
45.Re5 Bb5 46.Rxf5 c3+ 47.Kc2 Ba4+ 48.Kd3 Bb5+ 49.Rxb5 Kxb5 50.a6  1-0

[Event "Budapest FS06 GM"]
[Site "Budapest"]
[Date "1996.??.??"]
[Round "6"]
[White "Breyther, Ruediger"]
[Black "Tseitlin, Mikhail S"]
[Result "1/2-1/2"]
[WhiteElo "2420"]
[BlackElo "2425"]

1.e4 c5 2.Nf3 Nc6 3.Bb5 g6 4.O-O Bg7 5.Re1 Nf6 6.e5 Nd5 7.Nc3 Nc7 8.Bxc6 dxc6
9.Ne4 Ne6 10.d3 O-O 11.Be3 b6 12.Qd2 Re8 13.Bh6 Bh8 14.c3 Ba6 15.Rad1 Qd7
16.b3 Rad8 17.c4 Bc8 18.h3 Qc7 19.Ng3 Nd4 20.Nxd4 Rxd4 21.Qe3 a5 22.f4 Bg7
23.Bxg7 Kxg7 24.Ne2 Rdd8 25.Rf1 f6 26.Rf3 Rf8 27.Rdf1 fxe5 28.fxe5 Rxf3 29.Rxf3 Rf8
30.Rxf8 Kxf8 31.Nf4 Qd8 32.g4 g5 33.Ne2 h6 34.Qe4 Kg7 35.Kg2 Qe8 36.Ng3 Qg6
37.Qxg6+ Kxg6 38.Kf3 Bd7 39.Ke4 Kf7 40.Nf5 Bxf5+ 41.gxf5 h5 42.Kf3 Kg7 43.Kg3 Kf7
44.Kf3 Kg7  1/2-1/2

[Event "Budapest FS06 IM"]
[Site "Budapest"]
[Date "1996.??.??"]
[Round "7"]
[White "Bigaliev, Renat"]
[Black "Volodin, Viktor"]
[Result "1/2-1/2"]
[WhiteElo "2390"]
[BlackElo "2325"]

1.e4 c5 2.Nf3 Nc6 3.Bb5 g6 4.O-O Bg7 5.c3 Nf6 6.d4 cxd4 7.cxd4 Nxe4 8.d5 Nb8
9.Re1 Nd6 10.Bg5 f6 11.Bf4 Nxb5 12.a4 Qa5 13.b4 Qxb4 14.Qc1 O-O 15.axb5 e5
16.dxe6 dxe6 17.Nc3 Bd7 18.Ra4 Qc5 19.Qd2 Rc8 20.Bxb8 Qxc3 21.Qxd7 Raxb8
22.Qxe6+ Kh8 23.Nh4 Rc5 24.Rae4 Re5 25.Rxe5 fxe5 26.Nf3  1/2-1/2

[Event "Budapest FS02 GM"]
[Site "Budapest"]
[Date "1996.??.??"]
[Round "7"]
[White "Gdanski, Jacek"]
[Black "Shariyazdanov, Andrey"]
[Result "1/2-1/2"]
[WhiteElo "2480"]
[BlackElo "2480"]

1.e4 c5 2.Nf3 Nc6 3.Bb5 e6 4.Bxc6 bxc6 5.d3 Ne7 6.c4 d6 7.Nc3 e5 8.Nh4 Be6
9.f4 exf4 10.Bxf4 Ng6 11.Nxg6 hxg6 12.Qe2 Be7 13.O-O-O O-O 14.d4 cxd4 15.Rxd4 Qb6
16.Rhd1 Rab8 17.b3 Bf6 18.Na4 Qa6 19.Bxd6 Bxd4 20.Bxb8 Bxc4 21.Qxc4 Be3+
22.Kc2 Qxc4+ 23.bxc4 Rxb8 24.Rd6 Rc8 25.Rd7 Re8 26.Kd3 Bg1 27.h3 f5 28.Nc3 Re6
29.a4 Bb6 30.exf5 gxf5 31.a5 Bxa5 32.Rxa7 Rd6+ 33.Kc2 Bb4 34.Ra4 Bc5 35.Ra5 Be3  1/2-1/2

[Event "Budapest FS03 IM"]
[Site "Budapest"]
[Date "1996.??.??"]
[Round "7"]
[White "Nishimura, Hiroyuki"]
[Black "Molnar, Bela"]
[Result "0-1"]
[WhiteElo "2325"]
[BlackElo "2360"]

1.e4 c5 2.Nf3 Nc6 3.Bb5 e6 4.O-O Nge7 5.c3 a6 6.Be2 d5 7.exd5 Nxd5 8.d4 cxd4
9.Nxd4 Qb6 10.Nxc6 bxc6 11.c4 Nf6 12.Nc3 Be7 13.Qc2 O-O 14.Be3 Qc7 15.Bf3 Rb8
16.b3 e5 17.Bg5 Re8 18.Rfe1 Nd7 19.Bxe7 Rxe7 20.Rad1 Nc5 21.Qb2 Bf5 22.Qa3 Nd3
23.Re3 Nb4 24.Be4 Bxe4 25.Rxe4 f5 26.Re2 a5 27.Qc1 e4 28.Qg5 Qe5 29.f3 e3
30.f4 Qe6 31.Qg3 Rbe8 32.Qe1 Qh6 33.g3 g5 34.fxg5 Qxg5 35.Kh1 Rg7 36.a3 f4
37.axb4 axb4 38.Rd4 bxc3 39.Rxf4 Qe5 40.Qf1 Rd7 41.Rg4+ Kh8 42.c5 c2 43.Rxc2 Rd2
44.Rc1 e2  0-1

[Event "Budapest FS02 GM"]
[Site "Budapest"]
[Date "1996.??.??"]
[Round "9"]
[White "Enders, Peter"]
[Black "Cao Sang"]
[Result "0-1"]
[WhiteElo "2495"]
[BlackElo "2455"]

1.e4 c5 2.Nf3 Nc6 3.Bb5 g6 4.O-O Bg7 5.Bxc6 dxc6 6.Re1 e5 7.d3 Qe7 8.a3 Nf6
9.h3 O-O 10.Nbd2 h6 11.b4 Re8 12.Rb1 Nd7 13.Nc4 b6 14.Be3 Ba6 15.Nfd2 Rad8
16.f3 Bf8 17.Qe2 Qe6 18.Qf2 Bc8 19.Kh1 Qf6 20.Qg3 Re6 21.Rf1 Rde8 22.Qf2 Ba6
23.Ra1 Rd8 24.Rfb1 Qe7 25.Nb3 f5 26.bxc5 f4 27.Bd2 bxc5 28.Be1 g5 29.Qd2 h5
30.Qa5 Bxc4 31.dxc4 Nb6 32.Qa6 g4 33.Rd1 Rxd1 34.Rxd1 Rg6 35.Bf2 gxf3 36.gxf3 Qe6
37.Kh2 Nxc4 38.Nxc5 Bxc5 39.Bxc5 Rg3 40.Rd8+ Kh7 41.Qxa7+ Kg6 42.Qd7 Qxd7
43.Rxd7 Rxf3 44.Rd3 Rf1 45.Kg2 Rc1 46.Rc3 Nd2 47.Bb4 f3+  0-1

[Event "Budapest FS03 GM"]
[Site "Budapest"]
[Date "1996.??.??"]
[Round "12"]
[White "Totsky, Leonid"]
[Black "Kogan, Artur"]
[Result "0-1"]
[WhiteElo "2430"]
[BlackElo "2485"]

1.e4 c5 2.Nf3 Nc6 3.Bb5 e6 4.O-O Nge7 5.c3 a6 6.Ba4 b5 7.Bc2 Bb7 8.Qe2 Ng6
9.d4 cxd4 10.cxd4 Nh4 11.Nbd2 Rc8 12.Bb1 Bd6 13.e5 Bb8 14.Qe4 Nf5 15.Nb3 d6
16.Qg4 Nce7 17.Re1 Qb6 18.Bg5 dxe5 19.dxe5 h6 20.Bxe7 Nxe7 21.Nbd2 Ba7 22.Qg3 Rd8
23.Re2 O-O 24.Bc2 Nf5 25.Bxf5 exf5 26.Qf4 Qe6 27.h4 Rd3 28.Nf1 Bxf3 29.gxf3 Rd4
30.Qg3 f4 31.Qg2 Rfd8 32.Rae1 Rd1 33.a3 Kh7 34.Kh2 Rxe1 35.Rxe1 Rc8 36.Re2 Rc1
37.Nd2 Rc2 38.Qf1 Rxb2 39.Qc1 Qa2 40.Kg2 Bd4 41.e6 fxe6 42.Qc6 Qd5 43.Qe8 Qf5
44.h5 e5 45.Kf1 Rc2 46.Ne4 Qh3+  0-1

[Event "JUG-chT"]
[Site "Budva"]
[Date "1996.??.??"]
[Round "2"]
[White "Benderac, Srdjan"]
[Black "Vujicic, Mirko"]
[Result "1-0"]
[WhiteElo "2240"]
[BlackElo "2350"]

1.e4 c5 2.Nf3 Nc6 3.Bb5 g6 4.O-O Bg7 5.c3 Nf6 6.e5 Nd5 7.d4 cxd4 8.cxd4 d6
9.Nc3 Nxc3 10.bxc3 O-O 11.exd6 Qxd6 12.a4 Rd8 13.Re1 Qc7 14.Bg5 Be6 15.Qd2 Na5
16.Bf4 Qc8 17.Rab1 b6 18.Ng5 Bf5 19.Rb4 Bf8 20.Nf3 Qb7 21.Bh6 Rac8 22.Bxf8 Rxf8
23.d5 Qc7 24.Ba6 Rcd8 25.Rh4 h5 26.Re5 Bg4 27.Rg5 Nb3 28.Qe3 Qc5 29.Nd4 Rxd5
30.Rgxg4 hxg4 31.Qh6 Rh5 32.Rxh5 Qxh5 33.Qxh5 gxh5 34.Nxb3 Rd8 35.Be2 e5
36.f3 f5 37.Kf2 Kf7 38.Ke3 Rc8 39.c4 Ke6 40.f4 h4 41.g3 Rh8 42.fxe5 hxg3
43.hxg3 Rh3 44.Kf4 Rh2 45.Nd4+ Kf7 46.Kxf5  1-0

[Event "JUG-chT"]
[Site "Budva"]
[Date "1996.??.??"]
[Round "2"]
[White "Dragovic, Momcilo"]
[Black "Vukovic, Zdravko"]
[Result "0-1"]
[WhiteElo "2360"]
[BlackElo "2475"]

1.e4 c5 2.Nf3 Nc6 3.Bb5 Nf6 4.Nc3 g6 5.O-O Bg7 6.Bxc6 dxc6 7.h3 Nh5 8.d3 e5
9.a4 a5 10.Be3 b6 11.Nd2 O-O 12.Qf3 Qc7 13.Ne2 f5 14.exf5 Bxf5 15.Bg5 h6
16.Bh4 Nf4 17.Bg3 Nxd3 18.Nc3 Nf4 19.Qe3 g5 20.Rfe1 Rad8 21.Nc4 Rfe8 22.Ne4 Bg6
23.Ned2 b5 24.axb5 cxb5 25.Nxa5 e4 26.Ra2 Bxb2 27.Nc6 Qxc6  0-1

[Event "JUG-chT"]
[Site "Budva"]
[Date "1996.??.??"]
[Round "3"]
[White "Novoselski, Zoran"]
[Black "Knezevic, Bojan"]
[Result "0-1"]
[WhiteElo "2365"]
[BlackElo "2380"]

1.e4 c5 2.Nf3 Nc6 3.Bb5 d6 4.O-O Bd7 5.c3 a6 6.Bxc6 Bxc6 7.d4 Bxe4 8.Re1 Nf6
9.Bg5 Bc6 10.Bxf6 gxf6 11.d5 Bd7 12.Nfd2 h5 13.Qf3 Bg7 14.Ne4 Kf8 15.Nbd2 h4
16.Nf1 f5 17.Ng5 b5 18.Re6 fxe6 19.dxe6 Be8 20.Qxf5+ Bf6 21.Ne3 Kg7 22.Ne4 Bg6
23.Qg4 Rh5 24.f4 Qh8 25.f5 Qh6 26.Re1 Rf8 27.Nxf6 Rxf6 28.fxg6 Qxg6 29.Qd1 Rxe6  0-1

[Event "Buenos Aires op"]
[Site "Buenos Aires"]
[Date "1996.??.??"]
[Round "?"]
[White "Pereyra Arcija, Diego"]
[Black "Sorokin, Maxim"]
[Result "0-1"]
[WhiteElo "2430"]
[BlackElo "2560"]

1.e4 c5 2.Nf3 Nc6 3.Bb5 e6 4.O-O Nge7 5.Nc3 a6 6.Bxc6 Nxc6 7.d4 cxd4 8.Nxd4 Qc7
9.Re1 Bd6 10.g3 Nxd4 11.Qxd4 f6 12.Be3 b5 13.Rad1 Be5 14.Qd3 Bxc3 15.bxc3 Qc6
16.Bc1 O-O 17.Ba3 Rf7 18.Qe3 Bb7 19.Qc5 Qxc5 20.Bxc5 d5 21.e5 Rc7 22.Bd4 f5
23.h3 Rc4 24.Rb1 Ra4 25.Rb2 Bc6 26.g4 Rf8 27.Kg2 Be8 28.Ra1 Bg6 29.f3 Rc8
30.Kf2 fxg4 31.hxg4 Bxc2 32.Ke3 Bg6 33.a3 Be8 34.f4 Bg6 35.Rb4 Rc4 36.Rxc4 Rxc4
37.Rf1 Rc8 38.Rf2 Be4 39.f5 Kf7 40.f6 gxf6 41.exf6 Rc4 42.g5 Ra4 43.Ra2 e5
44.Bxe5 Bb1 45.Rb2 Re4+  0-1

[Event "Buenos Aires op"]
[Site "Buenos Aires"]
[Date "1996.??.??"]
[Round "?"]
[White "Campora, Daniel H"]
[Black "Piscicelli, Daniel"]
[Result "1-0"]
[WhiteElo "2540"]
[BlackElo "2325"]

1.e4 c5 2.Nf3 Nc6 3.Bb5 g6 4.O-O Bg7 5.Bxc6 dxc6 6.d3 e5 7.Nbd2 f6 8.b3 Nh6
9.Bb2 Nf7 10.Qe2 O-O 11.Rfe1 Qe7 12.c3 Be6 13.d4 cxd4 14.cxd4 Rad8 15.Nc4 Qc7
16.dxe5 fxe5 17.Rad1 b5 18.Ne3 Rxd1 19.Rxd1 Rd8 20.Rxd8+ Qxd8 21.Qc2 Qd6
22.h3 h5 23.Ne1 Bd7 24.Nd3 Ng5 25.Nc5 Ne6 26.Nxe6 Bxe6 27.Nf1 c5 28.Nd2 c4
29.bxc4 bxc4 30.Bc3 Kh7 31.Nf3 Bg8 32.Qb2 Qc6 33.Ng5+ Kh8 34.Qb8 Qb6 35.Qxe5 Qb1+
36.Kh2 Qb7 37.Qg3 Bxc3 38.Qxc3+ Qg7 39.e5 Bd5 40.Qd4 Qb7 41.e6+ Kg8 42.Qf6 Qg7
43.Qd8+ Qf8 44.e7  1-0

[Event "ARG-ch qf"]
[Site "Buenos Aires"]
[Date "1996.??.??"]
[Round "4"]
[White "Felgaer, Ruben"]
[Black "Alonso, Salvador"]
[Result "1-0"]
[WhiteElo "2250"]
[BlackElo "2300"]

1.e4 c5 2.Nf3 Nc6 3.Bb5 e6 4.O-O Nge7 5.Re1 a6 6.Bxc6 Nxc6 7.d4 cxd4 8.Nxd4 Qc7
9.Nc3 Bd6 10.Nxc6 dxc6 11.Qh5 Be5 12.Be3 O-O 13.Rad1 b5 14.Bc5 Re8 15.Re3 g6
16.Qh4 Bg7 17.e5 b4 18.Ne4 Qxe5 19.Bd4 Qd5 20.Red3 e5 21.Be3 Qxa2 22.Bh6 f5
23.Rd8 Be6 24.Rxe8+ Rxe8 25.Nf6+ Kf7 26.Bxg7 Rd8 27.Nd7 Ke8 28.Qf6 Bf7 29.Qd6  1-0

[Event "Cairo op"]
[Site "Cairo"]
[Date "1996.??.??"]
[Round "1"]
[White "Amer, Mohamed"]
[Black "Abou el Zein, Eid Mahmoud"]
[Result "1-0"]
[WhiteElo "2180"]
[BlackElo "2325"]

1.e4 c5 2.Nf3 Nc6 3.Bb5 e6 4.Bxc6 bxc6 5.O-O Ne7 6.Nc3 Ng6 7.d3 Be7 8.Ne1 e5
9.Qh5 d5 10.f4 Bf6 11.f5 Ne7 12.Bg5 Qb6 13.Rb1 Ba6 14.Bxf6 gxf6 15.Qh4 c4+
16.Rf2 c5 17.exd5 cxd3 18.d6 Qxd6 19.Ne4 Qd4 20.cxd3 Bxd3 21.Nxf6+ Kd8 22.Qxd4+  1-0

[Event "Cairo op"]
[Site "Cairo"]
[Date "1996.??.??"]
[Round "5"]
[White "Abo Nar, Mohamed"]
[Black "Doghri, Nabil"]
[Result "0-1"]
[WhiteElo "2095"]
[BlackElo "2350"]

1.e4 c5 2.Nf3 Nc6 3.Bb5 g6 4.O-O Bg7 5.Re1 e5 6.c3 Nge7 7.h3 O-O 8.a4 d5
9.exd5 e4 10.Nh2 Ne5 11.Qe2 f5 12.Bc4 Nxc4  0-1

[Event "Cairo op"]
[Site "Cairo"]
[Date "1996.??.??"]
[Round "8"]
[White "Amer, Mohamed"]
[Black "Ahmed, Ehab"]
[Result "0-1"]
[WhiteElo "2180"]
[BlackElo "2235"]

1.e4 c5 2.Nf3 Nc6 3.Bb5 g6 4.O-O Bg7 5.c3 Nf6 6.e5 Nd5 7.d4 cxd4 8.cxd4 Nc7
9.Bxc6 dxc6 10.h3 O-O 11.Nc3 h6 12.Be3 Be6 13.Qd2 Kh7 14.Nh2 Nd5 15.Nxd5 Qxd5
16.Rfc1 Rfd8 17.Qb4 Rd7 18.Rc5 Qe4 19.Qc3 Bd5 20.f3 Qf5 21.Qe1 g5 22.h4 f6
23.exf6 exf6 24.Bf2 Qg6 25.Qd2 Re8 26.hxg5 fxg5 27.Ng4 h5 28.Ne3 g4 29.fxg4 hxg4
30.Nxd5 cxd5 31.Re1 Rxe1+ 32.Qxe1 g3 33.Be3 Re7 34.Rxd5 Qe4 35.Qxg3 Qxe3+
36.Qxe3 Rxe3 37.Rd7 Kg6 38.Kf2 Rd3 39.Rxb7 Bxd4+ 40.Ke2 Re3+ 41.Kd2 Rg3 42.b4 Bb6
43.b5 Rxg2+ 44.Kd3  0-1

[Event "Calcutta op"]
[Site "Calcutta"]
[Date "1996.??.??"]
[Round "8"]
[White "Lovlu, Saifuddi"]
[Black "Roy Chowdhury, Biswajit"]
[Result "1-0"]
[WhiteElo "2215"]
[BlackElo "2085"]

1.e4 c5 2.Nf3 Nc6 3.Bb5 Nf6 4.e5 Nd5 5.O-O d6 6.d4 Bg4 7.h3 Bh5 8.dxc5 dxc5
9.e6 fxe6 10.Qe2 Qd6 11.c4 Nf4 12.Bxf4 Qxf4 13.Nbd2 O-O-O 14.Bxc6 bxc6 15.Rfe1 g5
16.Qxe6+ Kc7 17.Qe5+ Qxe5 18.Rxe5 h6 19.Rae1 Kb6 20.R1e3 e6 21.Rb3+ Kc7 22.Rxe6 g4
23.hxg4  1-0

[Event "Cannes op"]
[Site "Cannes"]
[Date "1996.??.??"]
[Round "1"]
[White "Minasian, Artashes"]
[Black "Ivanov, Jordan"]
[Result "1-0"]
[WhiteElo "2580"]
[BlackElo "2380"]

1.e4 c5 2.Nf3 Nc6 3.Bb5 e5 4.Nc3 Nge7 5.Bc4 Ng6 6.d3 Be7 7.h4 h6 8.Nd5 d6
9.h5 Nf8 10.Nh2 Bg5 11.Bxg5 hxg5 12.c3 Be6 13.Ng4 Nd7 14.Qf3 Na5 15.O-O-O a6
16.h6 g6 17.Ndf6+ Nxf6 18.Nxf6+ Ke7 19.Bd5 Nc6 20.h7 Bxd5 21.exd5 Nb8 22.Ng8+ Kf8
23.Qh3 f5 24.f4 g4 25.Qh6+ Kf7 26.fxe5 dxe5 27.Rdf1 Nd7 28.Rh5  1-0

[Event "Cannes Martinez op"]
[Site "Cannes"]
[Date "1996.??.??"]
[Round "1"]
[White "Azadharf, Farrokh"]
[Black "Corrigan, Francis"]
[Result "1-0"]
[WhiteElo "2235"]
[BlackElo "2060"]

1.e4 c5 2.Nf3 Nc6 3.Bb5 g6 4.O-O Bg7 5.c3 Qb6 6.Bxc6 Qxc6 7.d4 d6 8.Re1 Nh6
9.Bg5 f6 10.Bf4 e5 11.Bc1 O-O 12.Nbd2 Bd7 13.a4 Rae8 14.d5 Qc7 15.b4 b6 16.Qb3 Kh8
17.Nc4 Nf7 18.b5 f5 19.Ng5 Nxg5 20.Bxg5 f4 21.f3 h6 22.Bh4 g5 23.Bf2 g4 24.Kf1 Rg8
25.Ke2 Bf6 26.Rg1 Be7 27.a5 gxf3+ 28.gxf3 Qb8 29.axb6 axb6 30.Nb2 Rxg1 31.Rxg1 Rg8
32.Rxg8+ Qxg8 33.Qa4 Bh3 34.Qa1 Qe8 35.c4 Qg8 36.Nd3 Qg2 37.Nxf4 Qxh2 38.Ng6+ Kg7
39.Nxe7 Kf6 40.Nc6 Qf4 41.Qa8 Qc1 42.Qf8+  1-0

[Event "Cannes Martinez op"]
[Site "Cannes"]
[Date "1996.??.??"]
[Round "3"]
[White "Fiol, Fabrice"]
[Black "Spiridonov, Nikola"]
[Result "0-1"]
[WhiteElo "2190"]
[BlackElo "2405"]

1.e4 c5 2.Nf3 Nc6 3.Bb5 e6 4.O-O Nge7 5.c3 d5 6.exd5 Qxd5 7.d4 cxd4 8.c4 Qd6
9.Nxd4 Bd7 10.Nxc6 Qxd1 11.Rxd1 Nxc6 12.Nc3 a6 13.Ba4 Ne5 14.Bxd7+ Nxd7 15.b3 Be7
16.Ne4 O-O-O 17.Be3 Nb8 18.Bb6 Rd7 19.Rxd7 Kxd7 20.Ba7 Kc6 21.Bxb8 Rxb8 22.Kf1 Rd8
23.Ke2 Rd4 24.f3 f5 25.Nf2 Bd6 26.h3 b5 27.cxb5+ Kxb5 28.Nd3 e5 29.Ke3 f4+
30.Ke2 e4 31.fxe4 Rxe4+ 32.Kd2 Re3 33.Rf1 Rg3 34.Rf2 g5 35.a4+ Kc6 36.Kc2 a5
37.Ne1 Re3 38.Nf3 h6 39.Nd4+ Kc5 40.Nf5 Re6 41.Rd2 Be5 42.Re2 Kd5 43.Kd3 Rb6
44.Kc2 Rc6+ 45.Kd2 Re6 46.Kd3 h5 47.Kc2 Rc6+ 48.Kd2 Rc7 49.g4 fxg3 50.Ne3+ Ke6
51.Nc4 Rc5 52.Ke1 Kf6 53.Kf1 Bc7 54.Kg2 Rd5 55.Re3 Rd4 56.Rc3  0-1

[Event "Cannes Martinez op"]
[Site "Cannes"]
[Date "1996.??.??"]
[Round "3"]
[White "Lamorelle, Yves"]
[Black "Afek, Yochanan"]
[Result "0-1"]
[WhiteElo "2225"]
[BlackElo "2355"]

1.e4 c5 2.Nf3 Nc6 3.Bb5 g6 4.O-O Bg7 5.Re1 e5 6.c3 Nge7 7.d4 cxd4 8.cxd4 exd4
9.Bf4 O-O 10.Bd6 b6 11.Nbd2 Bb7 12.e5 Re8 13.Ne4 Nf5 14.Bc4 Nxe5 15.Nxe5 Bxe5
16.Qb3 Bxe4 17.Bxf7+ Kh8 18.Bxe8 Nxd6 19.Bxg6 hxg6 20.Qh3+ Kg7 21.f3 Qe7  0-1

[Event "Cannes Martinez op"]
[Site "Cannes"]
[Date "1996.??.??"]
[Round "3"]
[White "Morrison, Roberto"]
[Black "Kluss, Kai"]
[Result "0-1"]
[WhiteElo "1965"]
[BlackElo "2225"]

1.e4 c5 2.Nf3 Nc6 3.Bb5 Qb6 4.Nc3 e6 5.O-O Nge7 6.Re1 g6 7.b3 Bg7 8.Bb2 O-O
9.Bf1 Nd4 10.Nxd4 cxd4 11.Nb5 a6 12.Ba3 axb5 13.Bxe7 Re8 14.Bb4 Bf8 15.a3 d6
16.c4 bxc4 17.Bxc4 Bd7 18.e5 dxe5 19.Bxf8 Rxf8 20.Rxe5 Qd6 21.Re4 b5 22.Bd3 f5
23.Rh4 e5 24.Qf1 Qd5 25.a4 e4 26.Bxb5 Bxb5 27.axb5 d3 28.Rb1 Qxb5 29.f3 Qe5
30.Qf2 Ra1 31.Qe1 Qd4+ 32.Kf1 Rxb1 33.Qxb1 Ra8 34.fxe4 Ra1 35.Qe1  0-1

[Event "Cannes Martinez op"]
[Site "Cannes"]
[Date "1996.??.??"]
[Round "3"]
[White "Brochet, Philippe"]
[Black "Coutton, Sylvain"]
[Result "0-1"]
[WhiteElo "2275"]
[BlackElo "2155"]

1.e4 c5 2.Nf3 Nc6 3.Bb5 e6 4.Nc3 Nge7 5.O-O a6 6.Bxc6 Nxc6 7.d4 cxd4 8.Nxd4 d6
9.f4 Be7 10.Be3 O-O 11.Nxc6 bxc6 12.e5 d5 13.Na4 Rb8 14.Nc5 Qa5 15.Nb3 Qc7
16.Qh5 c5 17.Rf3 d4 18.f5 exf5 19.Rh3 h6 20.Bxh6 g6 21.Qe2 Re8 22.Qd2 f4
23.Rf3 Bb7 24.Rxf4 Qxe5 25.Qf2 Bd6 26.Qh4 Qd5 27.Rf2 Re6 28.Nd2 Rbe8 29.Raf1 c4
30.Nf3 d3 31.Ng5 Bc5 32.Nxe6 Qxg2+  0-1

[Event "Cannes op"]
[Site "Cannes"]
[Date "1996.??.??"]
[Round "4"]
[White "Levacic, Patrick"]
[Black "Novak, Danijel"]
[Result "1-0"]
[WhiteElo "2350"]
[BlackElo "2315"]

1.e4 c5 2.Nf3 Nc6 3.Bb5 g6 4.O-O Bg7 5.Qe2 e5 6.Qc4 Qe7 7.Bxc6 dxc6 8.d3 a5
9.Be3 b6 10.Qc3 Qc7 11.Nbd2 Ne7 12.Nc4 O-O 13.h3 Be6 14.a3 Nd5 15.exd5 cxd5
16.Ncxe5 f6 17.Ng4 f5 18.Nh6+ Kh8 19.Bd4 Ra7 20.Bxg7+ Qxg7 21.Qd2 Rf6 22.Qg5 d4
23.Rfe1  1-0

[Event "Cannes op"]
[Site "Cannes"]
[Date "1996.??.??"]
[Round "4"]
[White "Kazhgaleyev, Murtas"]
[Black "Gerber, Richard"]
[Result "0-1"]
[WhiteElo "2490"]
[BlackElo "2355"]

1.e4 c5 2.Nf3 Nc6 3.Bb5 g6 4.O-O Bg7 5.c3 Nf6 6.Re1 O-O 7.h3 a6 8.Bxc6 dxc6
9.d4 cxd4 10.cxd4 c5 11.e5 Nd7 12.d5 b5 13.Nc3 Bb7 14.Bf4 c4 15.Ne4 f5 16.Neg5 Nc5
17.d6 exd6 18.exd6 Nd3 19.Re7 Bd5 20.Qd2 Qb6 21.Rae1 Bxb2 22.Ne5 Bc3 23.Qc2 Bxe1
24.Nxd3 cxd3 25.Be5 Rf7 26.Nxf7 Bxf7 27.Qxd3 Bxf2+ 28.Kh2 Qc5 29.Bf6 Qc1  0-1

[Event "Cannes Martinez op"]
[Site "Cannes"]
[Date "1996.??.??"]
[Round "5"]
[White "Schultz, Raphael"]
[Black "Spiridonov, Nikola"]
[Result "0-1"]
[WhiteElo "2205"]
[BlackElo "2405"]

1.e4 c5 2.Nf3 Nc6 3.Bb5 e6 4.Nc3 Nge7 5.O-O a6 6.Bxc6 Nxc6 7.d4 cxd4 8.Nxd4 Qc7
9.Re1 Bd6 10.Nd5 exd5 11.exd5+ Ne5 12.f4 O-O 13.fxe5 Bxe5 14.Nf3 d6 15.c3 Bg4
16.Qd3 Bxf3 17.Qxf3 Rfe8 18.Be3 Qc4 19.Bf2 b5 20.g3 a5 21.Qe4 Rec8 22.Qxc4 Rxc4
23.Rad1 b4 24.Rxe5 dxe5 25.Bb6 bxc3 26.bxc3 Kf8 27.d6 Rc6 28.Bxa5 Rxa5 29.d7 Ra8
30.d8=Q+ Rxd8 31.Rxd8+ Ke7 32.Rd3 Ke6 33.Kf2 f5 34.Ke1 Rc4 35.Kd1 g5 36.Kc2 f4
37.gxf4 gxf4 38.Rh3 Rc7  0-1

[Event "Cannes Martinez op"]
[Site "Cannes"]
[Date "1996.??.??"]
[Round "5"]
[White "Lamorelle, Yves"]
[Black "Corrigan, Francis"]
[Result "1-0"]
[WhiteElo "2225"]
[BlackElo "2060"]

1.e4 c5 2.Nf3 Nc6 3.Bb5 g6 4.O-O Bg7 5.Re1 Qb6 6.a4 a6 7.Bf1 Nh6 8.Na3 O-O
9.Nc4 Qc7 10.d3 d6 11.c3 e5 12.Ne3 Ne7 13.d4 Kh8 14.dxe5 dxe5 15.Bc4 Ng4
16.Nd5 Nxd5 17.Bxd5 Nf6 18.Bc4 Bg4 19.h3 Rad8 20.Qe2 Bxf3 21.Qxf3 Nh5 22.g3 f5
23.Bg5 Rde8 24.Rad1 fxe4 25.Qxe4 Qc8 26.Bf1 Rf5 27.Qh4 Bf6 28.Bxf6+ Rxf6
29.g4 Rf4 30.Qg5 Ref8 31.gxh5 gxh5 32.Qxe5+ R4f6 33.Rd6  1-0

[Event "Cannes Martinez op"]
[Site "Cannes"]
[Date "1996.??.??"]
[Round "5"]
[White "Levacic, Patrick"]
[Black "Maze, Sebastien"]
[Result "1-0"]
[WhiteElo "2345"]
[BlackElo "1980"]

1.e4 c5 2.Nf3 Nc6 3.Bb5 g6 4.O-O Bg7 5.Qe2 Nf6 6.e5 Ng4 7.Bxc6 dxc6 8.d3 O-O
9.h3 Nh6 10.Bf4 Nf5 11.c3 e6 12.Nbd2 b6 13.Ne4 Ba6 14.Rad1 h6 15.Rfe1 Nh4
16.Nh2 g5 17.Bg3 Ng6 18.Qh5 Nxe5 19.Bxe5 Bxe5 20.Ng4 Bg7 21.Nxh6+ Bxh6 22.Qxh6 f6
23.Nxg5 fxg5 24.Rxe6 Bxd3 25.Rd6 Qe7 26.R1xd3 Qe1+ 27.Kh2 Qe5+ 28.Rg3 Rxf2
29.Re6  1-0

[Event "Cannes Martinez op"]
[Site "Cannes"]
[Date "1996.??.??"]
[Round "6"]
[White "Maze, Sebastien"]
[Black "Leoncini, Mario"]
[Result "1/2-1/2"]
[WhiteElo "1980"]
[BlackElo "2195"]

1.e4 c5 2.Nf3 Nc6 3.Bb5 g6 4.O-O Bg7 5.Nc3 Nf6 6.h3 O-O 7.Bxc6 bxc6 8.d3 d5
9.Bf4 Be6 10.Re1 h6 11.Qe2 Nd7 12.Rad1 Kh7 13.Bg3 Qa5 14.Nd2 d4 15.Ncb1 Qxa2
16.Na3 Qxb2 17.Nac4 Qb7 18.Rb1 Qc8 19.Rb2 Rd8 20.Reb1 Nf8 21.Kh2 f6 22.Na5 Bg8
23.Rb7 e5 24.f4 Rd7 25.fxe5 fxe5 26.Rxd7 Nxd7 27.Rb7 Be6 28.Nf3 Kh8 29.Qd2 g5
30.h4 g4 31.Nxe5 Nxe5 32.Rxg7 Kxg7 33.Bxe5+ Kh7 34.Qf4 Qf8 35.Bf6 Rc8 36.Nc4 g3+
37.Kxg3 Qg8+ 38.Kf3 Bxc4 39.dxc4 Qg6 40.g4 Rf8 41.g5 Kg8 42.Qd6 hxg5 43.hxg5 Qf7
44.Qh2 Qh7 45.Qe5 Qh3+ 46.Kf2 Qd7 47.Qh2 Qh7 48.Qe5 Qg6 49.Qe6+ Qf7  1/2-1/2